Sponzoring

Gespeichert in:
Bibliographische Detailangaben
1. Verfasser: Lipianska, Júlia
Körperschaft: Ekonomická univerzita v Bratislave. Obchodná fakulta
Format: Buch
Sprache:Slowakisch
Veröffentlicht: Bratislava Ekonomická univerzita 1994
Ausgabe:1. vyd.
Schlagworte:
Tags: Tag hinzufügen
Keine Tags, Fügen Sie das erste Tag hinzu!

MARC

LEADER 00000nam a2200000 4500
001 c005253
005 20221214074825.2
020 |a 80-225-0577-3 
041 0 |a slo 
044 |a SK 
245 1 0 |a Sponzoring  |c Júlia Lipianska a kol. 
250 |a 1. vyd. 
264 1 |a Bratislava  |b Ekonomická univerzita  |c 1994 
300 |a 55 s. 
610 2 0 |a komunikácia 
610 2 0 |a marketing 
610 2 0 |a sponzorovanie 
610 2 0 |a plánovanie 
610 2 0 |a štúdie prípadové 
610 2 0 |a diagramy vývojové 
100 1 |a Lipianska, Júlia 
710 2 |a Ekonomická univerzita v Bratislave. Obchodná fakulta